| 000 | 00579nas a2200229 i 4500 | ||
|---|---|---|---|
| 001 | 69 | ||
| 003 | ES-MaACL | ||
| 005 | 20250217133606.0 | ||
| 007 | t| | ||
| 008 | 950801c1934 xxum| | 1 ||ng d | ||
| 080 | _a(73) | ||
| 080 | _a616 | ||
| 245 | 0 | 4 | _aThe American journal of digestive diseases. |
| 260 |
_aNew York, etc. : _bPlenum Pub. Corp., etc., _c1934- |
||
| 300 |
_a13 v. : _bgrab. ; _c30 cm. |
||
| 310 | _aMensual | ||
| 362 | 0 | _a1934- | |
| 650 | 1 | 4 |
_aPatologĂa. _915884 |
| 852 |
_aES-MaACL _jHem-781 |
||
| 866 | 0 | _o1947-49,1952-59(1960). | |
| 999 |
_c69 _d69 |
||